000 00318nam a2200133Ia 4500
003 OSt
005 20240216150237.0
008 170524s9999 xx 000 0 und d
020 _a 9789352996810
040 _cIIMT UNIVERSITY
100 _aASWATHAPPA K.
245 0 _aESSENTIAL OF BUSINESS ENVIRONMENT
942 _2ddc
_c02
999 _c4601
_d4601